000 01873pam a2200493 a 4500
001 54022
005 20230410115538.0
008 820526s1983 ctu b 001 0 eng
010 _a 82009379
035 _a(OCoLC)ocm08533421
040 _aDLC
_cDLC
_dUKM
_dMUQ
_dBAKER
_dNLGGC
_dBTCTA
015 _aGB84-30016
019 _a12476812
020 _a0313231745 (lib. bdg.)
020 _a9780313231742 (lib. bdg.)
029 1 _aUKM
_bb8430016
029 1 _aNLGGC
_b821652559
029 1 _aNZ1
_b2696931
035 _a(OCoLC)8533421
_z(OCoLC)12476812
043 _an-us---
050 1 4 _aHD9566
_b.C525u 1983
082 0 _a338.2/7282/0973
_219
084 _a83.42
_2bcl
084 _a58.34
_2bcl
100 1 _aChester, Edward W.
245 1 0 _aUnited States oil policy and diplomacy :
_ba twentieth century overview /
_cEdward W. Chester.
260 _aWestport, Conn. :
_bGreenwood Press,
_c1983.
300 _axiv, 399 p. ;
_c25 cm.
440 0 _aContributions in economics and economic history,
_x0084-9235 ;
_vno. 52
504 _aBibliography: p. [361]-370.
500 _aIncludes index.
650 0 _aPetroleum industry and trade
_xGovernment policy
_zUnited States.
650 0 _aPetroleum industry and trade
_xPolitical aspects
_zUnited States.
651 0 _aUnited States
_xForeign relations
_y20th century.
653 _aPetroleum resources
_aForeign relations of United States
_aPolicies of government, 1900-1980
650 6 _aPétrole
_xIndustrie et commerce
_xPolitique gouvernementale
_zEtats-Unis.
650 6 _aPétrole
_xIndustrie et commerce
_xAspect politique
_zEtats-Unis.
651 6 _aEtats-Unis
_xRelations extérieures
_y20e siáecle.
938 _aBaker & Taylor
_bBKTY
_c62.95
_d62.95
_i0313231745
_n0000764266
_sactive
938 _aBaker and Taylor
_bBTCP
_n82009379
942 _2lcc
_cbk
994 _aC0
_bDRFGD
946 _aLspaulino
999 _c43316
_d43316